00614nam a2200205Ia 450000500170000000800410001702000150005808200210007310000150009424500870010926000280019630000180022465000110024265000120025365000100026565000150027594200060029095200970029699900150039320250117042723.0240331s9999 xx 000 0 und d a8185229457 bSAN25485a305.3 aSangari, K 0aPolitics of the Possible:bEssays on Gender, History, Narratives, Colonial English aNew DelhibTulikac1999 axlix, 503 p., aGender aHistory aWomen aLiterature cL 001040708LaWERCLbWERCLcSSCd2024-03-31l0o 305.3 SANp5485r2024-03-31w2024-03-31yL c1605d1605